1960s Bands (Sudden Death) - Statistics

General Stats
  • This quiz has been taken 70 times
  • The average score is 17 of 33
Answers on the Grid
Answers color-coded by a green-red scale on the quiz's grid according to % correct below.
Yes
Rush
Heart
KISS
Queen
Cream
Eagles
AC/DC
Boston
Genesis
Chicago
Aerosmith
The Who
The Band
The Kinks
The Byrds
The Clash
The Police
The Doors
The Stooges
Van Halen
Pink Floyd
Dire Straits
Sex Pistols
The Turtles
The Beatles
The Animals
The Yardbirds
The Monkees
The Zombies
Talking Heads
Black Sabbath
Iron Butterfly
Steppenwolf
Led Zeppelin
King Crimson
The Small Faces
The Beach Boys
The Moody Blues
The Grateful Dead
Buffalo Springfield
Herman's Hermits
The Rolling Stones
Jefferson Airplane
The Velvet Underground
Sly and the Family Stone
The Jimi Hendrix Experience
Creedence Clearwater Revival
 
Answer Stats
Answer % Correct
The Beatles
74%
The Rolling Stones
69%
The Animals
67%
The Byrds
67%
The Doors
67%
The Who
67%
Pink Floyd
65%
The Beach Boys
63%
The Monkees
63%
The Yardbirds
63%
Cream
61%
The Jimi Hendrix Experience
61%
Creedence Clearwater Revival
57%
The Kinks
57%
The Turtles
57%
Led Zeppelin
52%
The Zombies
50%
Herman's Hermits
48%
Jefferson Airplane
48%
Buffalo Springfield
46%
Steppenwolf
46%
The Band
46%
The Moody Blues
46%
Yes
44%
The Grateful Dead
37%
The Velvet Underground
37%
Sly and the Family Stone
35%
The Small Faces
33%
Iron Butterfly
31%
King Crimson
31%
The Stooges
30%
Chicago
19%
Genesis
19%
No matching quizzes found
Score Distribution
Percent of People with Each Score
Percentile by Number Answered
Your Score History
You have not taken this quiz